Perspektivy rozvoje zemědělství v hospodářsky vyspělých zemích. 1.
Postavenie poľnohospodárstva v národnom hospodárstve vyspelých krajín. Tendencie znižovania podielu poľnohospodárstva na počte pracovníkov a na tvorbe národného dôchodku v ekonomike ČSFR. Vplyv makroekonomických opatrení na vývoj poľnohospodárstva. Úroveň spotreby potravín a jej štruktúra.
Uložené v:
| Hlavný autor: | |
|---|---|
| Médium: | Kapitola |
| Jazyk: | Czech |
| Predmet: | |
| Tagy: |
Žiadne tagy, Buďte prvý, kto otaguje tento záznam!
|
MARC
| LEADER | 00000naa a2200000 4500 | ||
|---|---|---|---|
| 001 | r002012 | ||
| 005 | 20220819175621.0 | ||
| 041 | 0 | |a cze | |
| 044 | |a [CS] | ||
| 245 | 1 | 0 | |a Perspektivy rozvoje zemědělství v hospodářsky vyspělých zemích. 1. |c J. Kraus |
| 520 | |a Postavenie poľnohospodárstva v národnom hospodárstve vyspelých krajín. Tendencie znižovania podielu poľnohospodárstva na počte pracovníkov a na tvorbe národného dôchodku v ekonomike ČSFR. Vplyv makroekonomických opatrení na vývoj poľnohospodárstva. Úroveň spotreby potravín a jej štruktúra. | ||
| 610 | 2 | 0 | |a poľnohospodárstvo |
| 610 | 2 | 0 | |a pracovníci poľnohospodárski |
| 610 | 2 | 0 | |a tvorba dôchodku národného |
| 610 | 2 | 0 | |a spotreba potravín |
| 610 | 2 | 0 | |a ČSFR |
| 610 | 2 | 0 | |a západná Európa |
| 100 | 1 | |a Kraus, Josef | |